000 01132nam a2200325 i 4500
003 EG-GICUC
005 20260412122204.0
008 260412s2006 ua ||||fr|||| 00| 0 ara d
017 _a2006/10960
020 _a9775677475
040 _a EG-GICUC
_bara
_c EG-GICUC
_d EG-GICUC
_erda
041 _aara
082 0 4 _221
_a341.48
_bش ر . ق
092 0 4 _221
099 _aLaw1 11 341.48 ش ر . ق 2006
100 1 _aشريف عتلم
_eمؤلف.
245 _aالقانون الدولى الإنسانى :
_bدليل الاوساط الأكاديمية /
_cشريف عتلم .
264 _aالقاهرة :
_bاللجنة الدولية للصليب الاحمر ،
_c2006 .
300 _aمتعدد الترقيم ؛
_c24 سم
_eCD.
336 _2rda content
_atext
337 _2rda media
_aComputer
338 _2rda carrier
_aOnline Resource
546 _aالنص باللغة العربية
650 1 _aالقانون الدولى
650 1 _aحقوق الانسان
651 1 _2qrmak
856 4 0 _uhttps://fll.law.cu.edu.eg/fulltext/bks/B11-07285.pdf
905 _a60
942 _2ddc
_cBK
_e21
_n0
999 _c70198
_d70198